Human resource management: Concepts and strategies (Record no. 26795)

MARC details
000 -LEADER
fixed length control field 00472nam a2200169Ia 4500
008 - FIXED-LENGTH DATA ELEMENTS--GENERAL INFORMATION
fixed length control field 230917s9999||||xx |||||||||||||| ||und||
020 ## - ISBN
Price RS595
040 ## - CATALOGING SOURCE
-- 247552
Original cataloging agency VIVEKANANDA LIBRARY
041 ## - Language
-- English
082 ## - DDC NUMBER
Classification number 658.3 P193H
100 ## - MAIN ENTRY--PERSONAL NAME
Personal name Pani, Prabhat Kumar
245 #0 - TITLE STATEMENT
Title Human resource management: Concepts and strategies
260 ## - PUBLICATION, DISTRIBUTION, ETC. (IMPRINT)
Place of publication, distribution, etc New Delhi
Name of publisher, distributor, etc S K Book Agency
Date of publication, distribution, etc 2015
300 ## - PHYSICAL DESCRIPTION
Pages 282 p.
500 ## - GENERAL NOTE
General note 3121 23/05/2018 RBP18/71410 01/06/2018 Main Budget
942 ## - ADDED ENTRY ELEMENTS (KOHA)
Koha item type Books
Holdings
Withdrawn status Lost status Damaged status Not for loan Location (home branch) Sublocation or collection (holding branch) Shelving location Date acquired Koha issues (times borrowed) Koha full call number Accession No. Koha date last seen Koha item type
        VIVEKANANDA LIBRARY VIVEKANANDA LIBRARY IMSAR Library 14/06/2018   658.3 P193H 373050 17/09/2023 Books
        VIVEKANANDA LIBRARY VIVEKANANDA LIBRARY IMSAR Library 14/06/2018   658.3 P193H 373051 17/09/2023 Books
        VIVEKANANDA LIBRARY VIVEKANANDA LIBRARY IMSAR Library 14/06/2018   658.3 P193H 373052 17/09/2023 Books
        VIVEKANANDA LIBRARY VIVEKANANDA LIBRARY IMSAR Library 14/06/2018   658.3 P193H 373053 17/09/2023 Books
        VIVEKANANDA LIBRARY VIVEKANANDA LIBRARY IMSAR Library 14/06/2018   658.3 P193H 373054 17/09/2023 Books
© Designed and Maintained by Vivekananda Library, MDU Rohtak